000 00356nam a2200145Ia 4500
008 240624s9999 xx 000 0 und d
041 _aeng
082 _a658.83 BUR
100 _aBURNS ALVIN C
245 _aMARKETING RESEARCH
250 _a(2nd ed.)
260 _c1998
_aNew Jersey
_bPrentice Hall
300 _axxi, : 637 : p. : cm. ; 25
365 _c
_b35
999 _c7563
_d7563